[Event "World Rapid 2019"]
[Site "Moscow RUS"]
[Date "2019.12.27"]
[Round "7.79"]
[White "Triapishko, Alexandr"]
[Black "Gurvich, Vitaly"]
[Result "1-0"]
[WhiteTitle "IM"]
[BlackTitle "FM"]
[WhiteElo "2502"]
[BlackElo "2230"]
[WhiteFideId "14122286"]
[BlackFideId "24164852"]
[EventDate "2019.12.26"]

1. Nf3 Nf6 2. g3 g6 3. b3 Bg7 4. Bb2 c5 5. Bg2 O-O 6. c4 d6 7. d4 Ne4 8. Nc3 Qa5
9. Rc1 Nc6 10. O-O Nxc3 11. Bxc3 Qb6 12. d5 Nd4 13. Qd2 Nxf3+ 14. Bxf3 Bxc3 15.
Rxc3 Qa5 16. Rfc1 b5 17. cxb5 a6 18. b6 Rb8 19. Qe3 e5 20. dxe6 Bxe6 21. b7 Qxa2
22. h4 Rfe8 23. Qf4 d5 24. Qc7 Qb2 25. h5 a5 26. h6 a4 27. bxa4 Qxb7 28. Qe5 f6
29. Qxf6 c4 30. Re3 Qf7 31. Rxe6 Rxe6 32. Qxf7+ Kxf7 33. Bxd5 Rb2 34. e3 Kf6 35.
Bxe6 Kxe6 36. Rxc4 Ra2 37. Kg2 Kf5 38. Rc5+ Kf6 39. a5 g5 40. g4 Ra4 41. Kg3 Kg6
42. Rc6+ Kf7 43. a6 Ra3 44. Kf3 Ra4 45. e4 Ra3+ 46. Ke2 Ra2+ 47. Ke3 Ra3+ 48.
Kd4 Ra2 49. f3 Ra3 50. e5 Ke7 51. Ke4 Kd7 52. Rb6 Kc7 53. Rf6 1-0

[Event "World Rapid 2019"]
[Site "Moscow RUS"]
[Date "2019.12.27"]
[Round "7.81"]
[White "Lobanov, Sergei"]
[Black "Quparadze, Giga"]
[Result "0-1"]
[WhiteTitle "IM"]
[BlackTitle "GM"]
[WhiteElo "2504"]
[BlackElo "2462"]
[WhiteFideId "24183750"]
[BlackFideId "13602250"]
[EventDate "2019.12.26"]

1. e4 c5 2. Nf3 Nc6 3. c3 d5 4. exd5 Qxd5 5. d4 e6 6. Be2 Nf6 7. Na3 Be7 8. O-O
O-O 9. Nb5 Qd8 10. dxc5 Bxc5 11. Bf4 Nd5 12. Bg3 a6 13. Nbd4 Nxd4 14. Nxd4 b5
15. a4 b4 16. Nb3 Be7 17. c4 Nf6 18. Bf3 Ra7 19. Qxd8 Rxd8 20. Na5 Bd7 21. c5
Bxc5 22. Nb7 Rxb7 23. Bxb7 Bd4 24. Rad1 Bxb2 25. Bc6 h6 26. Rd3 Bc3 27. Rfd1
Bxc6 28. Rxd8+ Kh7 29. R1d6 Bxa4 30. Rxa6 Bc2 31. Rc8 Nd5 32. Ra7 Kg6 33. Bd6 b3
34. Ba3 Bd4 35. Rb7 Nc3 36. Kf1 Nd1 37. Bc5 Be5 38. Be3 Bd3+ 39. Ke1 Nxe3 40.
fxe3 b2 41. g3 b1=Q+ 42. Rxb1 Bxb1 43. Kf2 Be4 44. Rd8 f5 45. Re8 Bd5 46. Rh8
Kg5 47. h3 Kf6 48. Re8 g5 49. Rh8 Kg7 50. Rd8 h5 51. Rd7+ Kg6 52. Rd8 h4 53.
gxh4 gxh4 54. Rg8+ Kf6 0-1

[Event "World Rapid 2019"]
[Site "Moscow RUS"]
[Date "2019.12.27"]
[Round "7.82"]
[White "Donchenko, Alexander"]
[Black "Christiansen, Johan-Sebastian"]
[Result "1/2-1/2"]
[WhiteTitle "GM"]
[BlackTitle "GM"]
[WhiteElo "2644"]
[BlackElo "2597"]
[WhiteFideId "24603295"]
[BlackFideId "1512668"]
[EventDate "2019.12.26"]

1. d4 d5 2. Nf3 Bf5 3. Bf4 e6 4. e3 Bd6 5. Bg3 Nf6 6. Nbd2 O-O 7. Be2 h6 8. c4
c6 9. Qb3 b6 10. Ne5 Qe7 11. O-O Bb4 12. Rfd1 Bxd2 13. Rxd2 Ne4 14. Rdd1 Nxg3
15. hxg3 f6 16. Nd3 Nd7 17. Rac1 Kh8 18. Qb4 c5 19. dxc5 a5 20. Qa3 dxc4 21.
Rxc4 Bxd3 22. Qxd3 Ne5 23. Qd6 Qxd6 24. cxd6 Nxc4 25. Bxc4 e5 26. d7 Rfd8 27.
Bb5 Kg8 28. f4 Kf7 29. Kf2 Ke7 30. Kf3 Ra7 31. fxe5 Rc7 32. exf6+ Kxf6 33. Rd6+
Ke7 34. Rd4 Rc2 35. a4 Rxb2 36. Re4+ Kd6 37. Rd4+ Ke7 38. Re4+ Kd6 39. Rd4+ Ke7
40. Re4+ 1/2-1/2

[Event "World Rapid 2019"]
[Site "Moscow RUS"]
[Date "2019.12.27"]
[Round "7.83"]
[White "Tissir, Mohamed"]
[Black "Sychev, Klementy"]
[Result "1-0"]
[WhiteTitle "IM"]
[BlackTitle "GM"]
[WhiteElo "2379"]
[BlackElo "2563"]
[WhiteFideId "9000240"]
[BlackFideId "4114060"]
[EventDate "2019.12.26"]

1. e4 e5 2. Nf3 Nc6 3. Bc4 Nf6 4. d3 Bc5 5. c3 O-O 6. Bb3 d5 7. Qe2 a5 8. Bg5
dxe4 9. dxe4 h6 10. Bh4 a4 11. Bc4 Qd6 12. Nbd2 Nh5 13. Bg3 Qf6 14. O-O Nf4 15.
Bxf4 Qxf4 16. b4 axb3 17. axb3 Bg4 18. b4 Bb6 19. Bd5 Ne7 20. Rxa8 Rxa8 21. Bxb7
Ra2 22. Qd3 c6 23. Ba6 Ng6 24. Bc4 Rb2 25. Qd6 Bxf3 26. Nxf3 Kh7 27. Qxc6 Nh4
28. Nxh4 Bxf2+ 29. Kh1 Qxh4 30. Bxf7 Qf6 31. Qe8 h5 32. Qg8+ Kh6 33. Qh8+ Kg5
34. Qxh5+ Kf4 35. Qf3+ Kg5 36. Qh5+ Kf4 37. Qf3+ Kg5 38. Qxf6+ gxf6 39. Be6 Kf4
40. Bd5 Ke3 41. c4 Rxb4 42. c5 Rb2 43. c6 Rc2 44. Rb1 Kf4 45. Rd1 Rc5 46. g3+
Kg4 47. Kg2 Rc2 48. h3+ Kg5 49. Rd3 Bd4+ 50. Kf1 f5 51. h4+ Kg6 52. exf5+ Kxf5
53. Rf3+ Kg4 54. Be4 Rc4 55. Ke2 Kh3 56. h5 Bb6 57. Bd3 Rxc6 58. Bf5+ Kg2 59. g4
Bd8 60. Be4 Rc4 61. Bd5 Rc2+ 62. Kd3 Rc5 63. Be4 Ba5 64. g5 Rc3+ 65. Ke2 Rc4 66.
Re3+ Kg1 67. Kf3 Bd2 68. Re2 Bf4 69. Kg4 Kf1 70. Bd3 Rc3 71. Re3+ Kg1 72. Rf3
Ra3 73. h6 Ra4 74. Kf5 Ra5 75. Be4 Ra7 76. Rxf4 exf4 77. Kxf4 1-0

[Event "World Rapid 2019"]
[Site "Moscow RUS"]
[Date "2019.12.27"]
[Round "7.84"]
[White "Ruck, Robert"]
[Black "Kazhgaleyev, Murtas"]
[Result "0-1"]
[WhiteTitle "GM"]
[BlackTitle "GM"]
[WhiteElo "2530"]
[BlackElo "2569"]
[WhiteFideId "705713"]
[BlackFideId "13700316"]
[EventDate "2019.12.26"]

1. Nf3 Nf6 2. c4 e6 3. Nc3 b6 4. g3 Bb7 5. Bg2 Be7 6. O-O O-O 7. Re1 d5 8. cxd5
exd5 9. d4 Na6 10. Bf4 c5 11. dxc5 bxc5 12. Qb3 Qb6 13. Ne5 Rfd8 14. Red1 Qxb3
15. axb3 Nb4 16. Nc4 h6 17. Na5 Bc8 18. Be5 Be6 19. Bxf6 gxf6 20. Na2 Nxa2 21.
Rxa2 Rac8 22. Raa1 f5 23. Rac1 Rd6 24. Rc2 Ra6 25. b4 c4 26. Nb7 Rb6 27. Nc5
Rxb4 28. Nxe6 fxe6 29. g4 f4 30. e4 fxe3 31. fxe3 Bc5 32. Kf2 Rb3 33. Re1 Rf8+
34. Bf3 Kg7 35. Rce2 Rfb8 36. Kg3 Rxb2 37. h4 Bd6+ 38. Kh3 Rxe2 39. Rxe2 c3 40.
g5 Rb2 41. gxh6+ Kxh6 42. Re1 c2 43. Rc1 Bb4 44. Be2 Bd2 0-1

[Event "World Rapid 2019"]
[Site "Moscow RUS"]
[Date "2019.12.27"]
[Round "7.85"]
[White "Deviatkin, Andrei"]
[Black "Gundavaa, Bayarsaikhan"]
[Result "1-0"]
[WhiteTitle "GM"]
[BlackTitle "GM"]
[WhiteElo "2436"]
[BlackElo "2489"]
[WhiteFideId "4121260"]
[BlackFideId "4901045"]
[EventDate "2019.12.26"]

1. d4 Nf6 2. Nf3 d5 3. c4 e6 4. g3 Bb4+ 5. Bd2 Bd6 6. Bg2 c6 7. Qc2 Nbd7 8. O-O
O-O 9. Bg5 h6 10. Bxf6 Nxf6 11. Nbd2 b6 12. e4 Be7 13. cxd5 cxd5 14. e5 Nd7 15.
Rfc1 Nb8 16. Bf1 Bd7 17. a3 Nc6 18. Ba6 Rb8 19. Bd3 Rc8 20. Qd1 Rc7 21. Rc3 Na5
22. Rxc7 Qxc7 23. Rc1 Qb7 24. b4 Nc6 25. Nb3 f5 26. exf6 Bxf6 27. b5 Ne7 28. Ne5
Bxe5 29. dxe5 Rc8 30. Nd4 Rc5 31. Nb3 Rc7 32. a4 Qc8 33. Rc2 Be8 34. Qc1 Rxc2
35. Qxc2 Qxc2 36. Bxc2 Bg6 37. Bxg6 Nxg6 38. f4 Nf8 39. Nd4 Kf7 40. Kf2 Nd7 41.
Nb3 g5 42. Ke3 Kg6 43. a5 gxf4+ 44. gxf4 bxa5 45. Nxa5 Kf5 46. Nc6 Nb6 47. Nd4+
Kg4 48. Nxe6 h5 49. Ng7 Nc4+ 50. Kd4 Kxf4 51. e6 Nd6 52. e7 Nxb5+ 53. Kxd5 Kg5
54. Ne6+ 1-0

[Event "World Rapid 2019"]
[Site "Moscow RUS"]
[Date "2019.12.27"]
[Round "7.86"]
[White "Atabayev, Maksat"]
[Black "Yagupov, Igor"]
[Result "1-0"]
[WhiteTitle "GM"]
[BlackTitle "GM"]
[WhiteElo "2475"]
[BlackElo "2357"]
[WhiteFideId "14001101"]
[BlackFideId "4113632"]
[EventDate "2019.12.26"]

1. e4 c5 2. Nc3 Nc6 3. f4 e6 4. Nf3 d5 5. Bb5 Ne7 6. O-O d4 7. Ne2 a6 8. Bxc6+
Nxc6 9. d3 Be7 10. Bd2 O-O 11. Ng3 f5 12. Qe2 Bd7 13. Rae1 Qb6 14. b3 Rae8 15.
Nh5 Bd6 16. Qf2 g6 17. Nf6+ Rxf6 18. e5 Rff8 19. exd6 Nd8 20. b4 cxb4 21. Qxd4
Qxd4+ 22. Nxd4 a5 23. Nb3 b6 24. Be3 a4 25. Nd2 b5 26. Bc5 Nc6 27. Nf3 Rc8 28.
Rf2 h6 29. Rb1 Rf7 30. Bxb4 g5 31. fxg5 hxg5 32. Nxg5 Rg7 33. h4 Nxb4 34. Rxb4
Rc5 35. c4 e5 36. cxb5 Bxb5 37. Rxf5 Rg6 38. d4 Rc1+ 39. Kh2 Bd7 40. Rb8+ 1-0

[Event "World Rapid 2019"]
[Site "Moscow RUS"]
[Date "2019.12.27"]
[Round "7.87"]
[White "Kryakvin, Dmitry"]
[Black "Studer, Noel"]
[Result "1-0"]
[WhiteTitle "GM"]
[BlackTitle "GM"]
[WhiteElo "2596"]
[BlackElo "2546"]
[WhiteFideId "4153278"]
[BlackFideId "1319620"]
[EventDate "2019.12.26"]

1. d4 d5 2. c4 dxc4 3. e3 Nf6 4. Bxc4 e6 5. Nf3 a6 6. O-O c5 7. b3 b5 8. Be2
Nbd7 9. a4 b4 10. Bb2 Bb7 11. Nbd2 Be7 12. Rc1 Rc8 13. Nc4 O-O 14. Nfe5 cxd4 15.
Bxd4 Nxe5 16. Bxe5 Nd7 17. Bd4 a5 18. Bf3 Ba6 19. Be2 Bf6 20. Rc2 Bxd4 21. Qxd4
Nb6 22. Qxb6 Qxb6 23. Nxb6 Rxc2 24. Bxa6 Rc6 25. Nd7 Rxa6 26. Nxf8 Kxf8 27. Rc1
Rd6 28. g3 Rd3 29. Rc5 Rxb3 30. Rxa5 Ke7 31. Rb5 Kd6 32. Kg2 g6 33. g4 h6 34. h4
Kc6 35. Kf3 Rb2 36. g5 h5 37. e4 b3 38. Kg3 Rb1 39. Kf4 Kd6 40. a5 Kc6 41. Rb6+
Kc5 42. Ke5 Kc4 43. Kf6 Ra1 44. a6 Kc3 45. Kxf7 b2 46. Kxg6 Rxa6 47. Rxb2 Kxb2
48. Kxh5 Kc3 49. g6 Ra1 50. g7 Rg1 51. Kh6 Kd4 52. Kh7 Rh1 53. f3 Rxh4+ 54. Kg6
Rh3 55. g8=Q Rg3+ 56. Kf7 Rxf3+ 57. Kxe6 Kxe4 58. Qg4+ Rf4 59. Qe2+ 1-0

[Event "World Rapid 2019"]
[Site "Moscow RUS"]
[Date "2019.12.27"]
[Round "7.88"]
[White "Reshetnikov, Alexey"]
[Black "Atabayev, Saparmyrat"]
[Result "0-1"]
[WhiteTitle "IM"]
[BlackTitle "IM"]
[WhiteElo "2492"]
[BlackElo "2425"]
[WhiteFideId "4162080"]
[BlackFideId "14000571"]
[EventDate "2019.12.26"]

1. c4 e5 2. Nc3 Nf6 3. g3 Nc6 4. Bg2 Bb4 5. Nd5 Bc5 6. e3 d6 7. Ne2 Nxd5 8. cxd5
Ne7 9. d4 exd4 10. Nxd4 O-O 11. O-O Bd7 12. b3 Qc8 13. Re1 Bh3 14. Bh1 Re8 15.
a3 Ng6 16. Bb2 Ne5 17. Rc1 Qd7 18. Nf3 Bb6 19. Nxe5 dxe5 20. Rc4 Rad8 21. Qh5
Bf5 22. Rd1 Bg6 23. Qh4 Qb5 24. b4 e4 25. Rxe4 Qe2 26. Rb1 Qc2 0-1

[Event "World Rapid 2019"]
[Site "Moscow RUS"]
[Date "2019.12.27"]
[Round "7.89"]
[White "Luukkonen, Tommi"]
[Black "Shcherbakov, Ruslan"]
[Result "1-0"]
[WhiteTitle "FM"]
[BlackTitle "GM"]
[WhiteElo "2290"]
[BlackElo "2527"]
[WhiteFideId "501808"]
[BlackFideId "4102240"]
[EventDate "2019.12.26"]

1. e4 c5 2. Nf3 Nc6 3. Bb5 g6 4. Bxc6 bxc6 5. O-O Bg7 6. Re1 Nh6 7. c3 O-O 8. h3
f5 9. e5 Nf7 10. d4 cxd4 11. cxd4 Bb7 12. Na3 c5 13. dxc5 Rc8 14. Be3 Bxf3 15.
Qxf3 Nxe5 16. Qd1 f4 17. Bd4 Rf5 18. Qb3+ e6 19. Nb5 Rb8 20. Qa4 f3 21. g3 Qg5
22. Re4 Nc6 23. Bxg7 Rxc5 24. Nxa7 Rc1+ 25. Re1 Rxa1 26. Rxa1 Ra8 27. Bd4 Qf5
28. Nxc6 1-0

[Event "World Rapid 2019"]
[Site "Moscow RUS"]
[Date "2019.12.27"]
[Round "7.91"]
[White "Carlsson, Pontus"]
[Black "Lam, Daniel King Wai"]
[Result "1-0"]
[WhiteTitle "GM"]
[BlackTitle "FM"]
[WhiteElo "2456"]
[BlackElo "2110"]
[WhiteFideId "1705814"]
[BlackFideId "6001238"]
[EventDate "2019.12.26"]

1. e4 e6 2. d4 d5 3. Nd2 Be7 4. Bd3 c5 5. dxc5 Nf6 6. Qe2 Nc6 7. Ngf3 O-O 8. c3
a5 9. O-O Bxc5 10. e5 Nd7 11. Nb3 Be7 12. Bf4 Re8 13. Bg3 Nf8 14. h4 h6 15. h5
a4 16. Nbd4 Nxd4 17. Nxd4 Bd7 18. a3 Qb6 19. f4 Bc5 20. Bf2 Qd8 21. Qg4 f5 22.
Qh3 Re7 23. Bh4 1-0

[Event "World Rapid 2019"]
[Site "Moscow RUS"]
[Date "2019.12.27"]
[Round "7.92"]
[White "Castellanos Rodriguez, Renier"]
[Black "Abdusattorov, Nodirbek"]
[Result "0-1"]
[WhiteTitle "IM"]
[BlackTitle "GM"]
[WhiteElo "2474"]
[BlackElo "2635"]
[WhiteFideId "3404650"]
[BlackFideId "14204118"]
[EventDate "2019.12.26"]

1. c4 Nf6 2. Nc3 e5 3. g3 Bb4 4. Bg2 O-O 5. Nf3 e4 6. Nd4 Re8 7. O-O Nc6 8. Nc2
Bxc3 9. dxc3 d6 10. b3 h6 11. Ne3 a5 12. Qc2 a4 13. Ba3 b6 14. Rfd1 Ne5 15. h3
Bb7 16. Qb2 Qc8 17. b4 Qe6 18. c5 b5 19. cxd6 cxd6 20. Rd4 d5 21. Rad1 Rac8 22.
Qa1 h5 23. Bb2 Rc7 24. a3 Ned7 25. Qc1 Nb6 26. Qd2 Nfd7 27. c4 Nxc4 28. Nxc4
bxc4 29. Qf4 Ne5 30. Bc3 f6 31. Kh2 Rce7 32. Qe3 Nf7 33. Qc1 Nd6 34. Qc2 Nb5 35.
e3 Nxa3 0-1

[Event "World Rapid 2019"]
[Site "Moscow RUS"]
[Date "2019.12.27"]
[Round "7.93"]
[White "Novikov, Stanislav"]
[Black "Makoveev, Ilya"]
[Result "0-1"]
[WhiteTitle "GM"]
[BlackTitle "FM"]
[WhiteElo "2531"]
[BlackElo "2277"]
[WhiteFideId "4125371"]
[BlackFideId "34155748"]
[EventDate "2019.12.26"]

1. e4 c5 2. Nf3 d6 3. c3 Nf6 4. Be2 g6 5. O-O Bg7 6. Bb5+ Bd7 7. Bxd7+ Nbxd7 8.
Re1 O-O 9. d4 e6 10. e5 dxe5 11. dxe5 Nd5 12. Na3 a6 13. h4 Qc7 14. Qe2 b5 15.
c4 Nb4 16. cxb5 axb5 17. Nxb5 Qc6 18. Na3 Nb6 19. Be3 Rfd8 20. Red1 Rd5 21. Rxd5
exd5 22. Rc1 Nd7 23. Qb5 Qxb5 24. Nxb5 d4 25. Bd2 Nd3 26. Ra1 Nxb2 27. e6 fxe6
28. Nc7 Rb8 29. Nxe6 Rb6 30. Nxg7 Kxg7 31. a4 Ra6 32. a5 Nc4 33. Ra4 Ndb6 34.
Ra2 Nxd2 35. Nxd2 c4 36. Rc2 Rxa5 37. Nxc4 Ra1+ 38. Kh2 d3 39. Rc3 Nxc4 40. Rxd3
Ne5 41. Rd4 Ra3 42. Rb4 Ra2 43. Rb7+ Nf7 44. f3 h6 45. Kg3 Re2 46. Rb6 Nd8 47.
Ra6 Ne6 48. Ra7+ Kf6 49. Rh7 Ng7 50. Kh3 Ne6 51. Kg3 Ng7 52. Kh3 Nh5 53. g3 Re3
54. Kg2 Re7 55. Rh8 Kg7 56. Ra8 Nf6 57. Kf2 Rf7 58. Kg2 Nd5 59. Ra5 Ne3+ 60. Kf2
Nc4 61. Ra4 Ne5 62. Ra3 Rd7 63. Re3 Kf6 64. Rc3 Rd3 65. Rxd3 Nxd3+ 66. Ke3 Ne1
67. Ke2 Nc2 68. Kd3 Nb4+ 69. Ke4 Na6 70. Kd5 Nc7+ 71. Ke4 Ne6 72. g4 g5 73.
hxg5+ hxg5 74. Kd5 Nf4+ 75. Ke4 Ke6 76. Kd4 Nd5 77. Ke4 Nf6+ 78. Kd4 Kd6 79. f4
gxf4 80. g5 Nh5 0-1

[Event "World Rapid 2019"]
[Site "Moscow RUS"]
[Date "2019.12.27"]
[Round "7.94"]
[White "Thing, Bibek"]
[Black "Pigusov, Evgeny"]
[Result "1-0"]
[WhiteTitle "CM"]
[BlackTitle "GM"]
[WhiteElo "2222"]
[BlackElo "2555"]
[WhiteFideId "12303135"]
[BlackFideId "4100514"]
[EventDate "2019.12.26"]

1. e4 c5 2. Nf3 Nc6 3. c3 d5 4. exd5 Qxd5 5. d4 Nf6 6. Be2 Bg4 7. c4 Qd6 8. d5
Bxf3 9. Bxf3 Nd4 10. O-O g6 11. Be3 Nf5 12. Bg5 Bg7 13. Nc3 O-O 14. g3 Nd4 15.
Bg2 h6 16. Bf4 Qd7 17. Re1 Rad8 18. Qd2 Kh7 19. h4 e6 20. Rad1 exd5 21. Nxd5
Nxd5 22. cxd5 Rfe8 23. Be3 b6 24. b4 Qf5 25. bxc5 bxc5 26. Rc1 Rc8 27. Qd1 Red8
28. Kh2 Qf6 29. h5 g5 30. Qg4 Qd6 31. Rc4 f5 32. Qd1 f4 33. Bxd4 cxd4 34. Rxc8
Rxc8 35. Qd3+ Kh8 36. Re6 Qf8 37. Qg6 fxg3+ 38. fxg3 Qf2 39. d6 d3 40. Re8+ Rxe8
41. Qxe8+ Bf8 1-0

[Event "World Rapid 2019"]
[Site "Moscow RUS"]
[Date "2019.12.27"]
[Round "7.95"]
[White "Tengis, Tsog-Ochir"]
[Black "Kim, Alexey"]
[Result "1/2-1/2"]
[WhiteTitle "FM"]
[BlackTitle "GM"]
[WhiteElo "2190"]
[BlackElo "2464"]
[WhiteFideId "4902718"]
[BlackFideId "4129776"]
[EventDate "2019.12.26"]

1. Nf3 d5 2. e3 Nf6 3. c4 e6 4. b3 Be7 5. Bb2 O-O 6. g3 c5 7. Bg2 Nc6 8. O-O b6
9. Nc3 Ba6 10. Qe2 Rc8 11. Rfd1 Qd7 12. Rac1 Rfd8 13. d3 Qe8 14. Nb5 Bxb5 15.
cxb5 Na5 16. Bxf6 Bxf6 17. d4 cxd4 18. exd4 Nb7 19. g4 Nd6 20. a4 Ne4 21. Qe3
Rd7 22. g5 Be7 23. Ne5 Rdc7 24. Bxe4 dxe4 25. Nc6 f5 26. gxf6 Qg6+ 27. Qg3 Qxg3+
28. hxg3 Bxf6 29. b4 Kf8 30. Rc4 Rd7 31. Re1 Rcc7 32. Rxe4 Kf7 33. Kg2 h5 34. f4
g6 35. Kf3 Rd5 36. Re2 Rcd7 37. Ke4 g5 38. Ne5+ Bxe5 39. fxe5 Kg6 40. Rf2 h4 41.
gxh4 gxh4 42. Rf6+ Kg5 43. Rxe6 h3 44. Re8 Rd8 45. Rxd8 Rxd8 46. Rc1 h2 47. d5
Rh8 48. Rh1 Rh4+ 49. Kd3 Kf5 50. e6 Kf6 51. Ke3 Ke7 52. Kf3 Rh5 53. Kg3 Rxd5 54.
Rxh2 Kxe6 55. Rh7 Rd4 56. Rxa7 Rxb4 57. Kf3 Kd5 58. Ke3 Rb3+ 59. Kd2 Kc5 60. Kc2
Rh3 1/2-1/2

[Event "World Rapid 2019"]
[Site "Moscow RUS"]
[Date "2019.12.27"]
[Round "7.96"]
[White "Batchuluun, Tsegmed"]
[Black "Krsnik Cohar, Ivan Vihor"]
[Result "1-0"]
[WhiteTitle "GM"]
[BlackTitle "FM"]
[WhiteElo "2530"]
[BlackElo "2313"]
[WhiteFideId "4900847"]
[BlackFideId "14520044"]
[EventDate "2019.12.26"]

1. d4 d5 2. c4 Bf5 3. cxd5 Bxb1 4. Qa4+ c6 5. dxc6 Nxc6 6. Rxb1 e5 7. Bd2 exd4
8. Nf3 Ne7 9. g3 g6 10. Bg2 Bg7 11. O-O O-O 12. Rfd1 Re8 13. Bc3 Nf5 14. e3 Qb6
15. Nxd4 Ncxd4 16. exd4 Re7 17. Qb4 Qc7 18. Rbc1 Rae8 19. d5 Bxc3 20. bxc3 Nd6
21. c4 b6 22. c5 bxc5 23. Rxc5 Re1+ 24. Rxe1 Rxe1+ 25. Qxe1 Qxc5 26. h4 Kf8 27.
Qe5 h5 28. Bf3 Nc4 29. Qh8+ Ke7 30. Qc3 Qc8 31. Be2 Nd6 32. Qe3+ Kf8 33. Qxa7
Qc2 34. Bf3 Nc4 35. a4 Nd2 36. Bg2 Nc4 37. a5 Qc1+ 38. Kh2 Qc3 39. Qc5+ Kg7 40.
a6 Qd3 41. a7 Ne5 42. a8=Q Ng4+ 43. Kg1 1-0

[Event "World Rapid 2019"]
[Site "Moscow RUS"]
[Date "2019.12.27"]
[Round "7.97"]
[White "Baron, Tal"]
[Black "Mamatov, Melis"]
[Result "1-0"]
[WhiteTitle "GM"]
[WhiteElo "2541"]
[BlackElo "2292"]
[WhiteFideId "2809958"]
[BlackFideId "13800027"]
[EventDate "2019.12.26"]

1. Nf3 Nf6 2. d4 d5 3. Bf4 Bg4 4. Ne5 e6 5. f3 Bh5 6. h4 Bg6 7. g4 h6 8. Nxg6
fxg6 9. Qd3 Kf7 10. Nc3 Bd6 11. Bxd6 Qxd6 12. O-O-O Nc6 13. e4 Qf4+ 14. Kb1 dxe4
15. fxe4 Rhd8 16. Qc4 Nxg4 17. Bh3 Rxd4 18. Rxd4 Nxd4 19. Qxd4 Nf6 20. Rf1 Qxh4
21. Qd7+ Kg8 22. Bxe6+ Kh7 23. Qxc7 Re8 24. Qf7 Rd8 25. Rg1 g5 26. e5 Qh2 27.
Re1 Qg3 28. Bf5+ Kh8 29. Rd1 Rxd1+ 30. Nxd1 Qxe5 31. Qf8+ Ng8 32. a3 Qf6 33. Qc8
g6 34. Be6 Qg7 35. Ne3 Kh7 36. Nd5 h5 37. Bxg8+ Kh6 38. Qe6 Qd4 39. Ne3 1-0

[Event "World Rapid 2019"]
[Site "Moscow RUS"]
[Date "2019.12.27"]
[Round "7.98"]
[White "Al Ghamdi, Ahmed M"]
[Black "Iljiushenok, Ilia"]
[Result "0-1"]
[WhiteTitle "CM"]
[BlackTitle "GM"]
[WhiteElo "2107"]
[BlackElo "2521"]
[WhiteFideId "21500150"]
[BlackFideId "24105074"]
[EventDate "2019.12.26"]

1. e4 c5 2. Nf3 d6 3. d4 cxd4 4. Nxd4 Nf6 5. Nc3 a6 6. f3 e5 7. Nb3 Be6 8. Be3
Nbd7 9. Qd2 b5 10. O-O-O h5 11. Kb1 Be7 12. Be2 Rc8 13. h3 h4 14. Nd5 Bxd5 15.
exd5 Nb6 16. Bxb6 Qxb6 17. f4 Ne4 18. Qd3 Nf2 19. Qf5 O-O 20. fxe5 Nxh1 21. Rxh1
dxe5 22. Rd1 Qd6 23. Na5 g6 24. Qe4 f5 25. Qe3 Bf6 26. Qh6 Bg7 27. Qxh4 e4 28.
Nc6 Rxc6 29. dxc6 Qb4 30. c3 Bxc3 31. Bc4+ bxc4 32. Qf2 Be5 33. c7 Bxc7 34. Qc2
Rd8 35. a3 Qb3 0-1

[Event "World Rapid 2019"]
[Site "Moscow RUS"]
[Date "2019.12.27"]
[Round "7.99"]
[White "Guimaraes, Diogo Duarte"]
[Black "Usov, Aleksandr E."]
[Result "1-0"]
[WhiteTitle "FM"]
[WhiteElo "2322"]
[BlackElo "2012"]
[WhiteFideId "2112450"]
[BlackFideId "24257109"]
[EventDate "2019.12.26"]

1. e4 c6 2. c4 d5 3. exd5 cxd5 4. d4 Nf6 5. Nc3 Nc6 6. Bg5 Be6 7. c5 Ne4 8. Be3
Nxc5 9. dxc5 d4 10. Bd2 dxc3 11. Bxc3 Qd5 12. Qxd5 Bxd5 13. Ne2 e5 14. b4 f6 15.
f4 a5 16. b5 Nb4 17. Rd1 Bxc5 18. fxe5 Nc2+ 19. Kd2 Rd8 20. Kc1 Ne3 21. Rd3 fxe5
22. Bxe5 Bc4 23. Rxd8+ Kxd8 24. Ng3 Nxf1 25. Nxf1 Re8 26. Nd2 Bxb5 27. Bxg7 Re2
28. Bc3 b6 29. g4 Bd3 30. h4 a4 31. g5 Be3 32. Kd1 b5 33. a3 Rg2 34. Bb4 Kd7 35.
Nf1 Bf4 36. Bd2 Be2+ 37. Ke1 Bd6 38. h5 Bxf1 39. Rxf1 Ke7 40. Rf5 Bxa3 41. Rxb5
Bd6 42. Rb7+ Ke6 43. Rxh7 a3 44. Ra7 Bc5 45. Ra6+ Kd5 46. h6 Ke4 47. h7 Rh2 48.
Ra5 Rh1+ 49. Ke2 Rh2+ 50. Kd1 Rh1+ 51. Kc2 Bd4 52. g6 Rh2 53. Rxa3 Rg2 54. Ra4
Rh2 55. g7 Rxh7 56. g8=Q Rc7+ 57. Rc4 Rxc4+ 58. Qxc4 1-0

[Event "World Rapid 2019"]
[Site "Moscow RUS"]
[Date "2019.12.27"]
[Round "7.100"]
[White "Al Mutairi, Hassan S"]
[Black "Mikhailovsky, Vladimir"]
[Result "0-1"]
[WhiteTitle "CM"]
[BlackTitle "CM"]
[WhiteElo "1883"]
[BlackElo "2209"]
[WhiteFideId "21500193"]
[BlackFideId "34105414"]
[EventDate "2019.12.26"]

1. Nf3 d5 2. c4 d4 3. b4 c5 4. bxc5 Nc6 5. e3 e5 6. exd4 exd4 7. g3 Bxc5 8. d3
Bf5 9. Nh4 Qe7+ 10. Qe2 Bg4 11. Qxe7+ Ngxe7 12. h3 Bd7 13. Nd2 Nb4 14. Nb3 Bc6
15. Rh2 Bb6 16. f4 O-O-O 17. a3 Na6 18. Bg2 Ba4 19. Nd2 Nc5 20. Bf1 Rhe8 21. Ne4
Ng6 22. Nf5 Nxe4 23. dxe4 Rxe4+ 24. Kd2 d3 25. Bb2 Rxc4 26. Rc1 Rc2+ 27. Rxc2+
dxc2+ 28. Bd3 Bb5 29. Kxc2 Bxd3+ 0-1

[Event "World Rapid 2019"]
[Site "Moscow RUS"]
[Date "2019.12.27"]
[Round "7.101"]
[White "Al Thebaiti, Ahmed M"]
[Black "Miranda Neto, Jayme Amorim"]
[Result "0-1"]
[WhiteTitle "CM"]
[BlackTitle "CM"]
[WhiteElo "1976"]
[BlackElo "2102"]
[WhiteFideId "21502390"]
[BlackFideId "2115964"]
[EventDate "2019.12.26"]

1. e4 c6 2. d4 d5 3. exd5 cxd5 4. Bd3 Nc6 5. c3 Nf6 6. Bf4 e6 7. Nf3 Bd6 8. Bg3
O-O 9. Nbd2 a6 10. a4 Qc7 11. Qe2 Bxg3 12. hxg3 Qb6 13. Ne5 Qxb2 14. Rb1 Qxc3
15. Bxh7+ Kh8 16. Bg6+ Kg8 17. Bh7+ Kh8 18. Bg6+ Kg8 19. Bh7+ Nxh7 20. Qh5 Qc2
21. Rb2 Qf5 22. Qh4 Nxe5 23. dxe5 Qxe5+ 24. Kd1 Qf5 25. Rb4 e5 26. g4 Qg6 27.
Rb6 Qxg4+ 0-1

[Event "World Rapid 2019"]
[Site "Moscow RUS"]
[Date "2019.12.27"]
[Round "7.102"]
[White "Al Nhier, Hamoud"]
[Black "Masrahi, Abdulrahman A"]
[Result "1/2-1/2"]
[WhiteTitle "FM"]
[BlackTitle "CM"]
[WhiteElo "1934"]
[BlackElo "1956"]
[WhiteFideId "21500045"]
[BlackFideId "21501564"]
[EventDate "2019.12.26"]

1. c4 c6 2. Nc3 d5 3. d4 Nf6 4. cxd5 cxd5 5. Nf3 Nc6 6. Bg5 Bf5 7. e3 e6 8. Bd3
Bxd3 9. Qxd3 Be7 10. O-O O-O 11. a3 Rc8 12. b4 a6 13. Rfb1 Nd7 14. Bxe7 Qxe7 15.
h3 h6 1/2-1/2

[Event "World Rapid 2019"]
[Site "Moscow RUS"]
[Date "2019.12.27"]
[Round "8.4"]
[White "Guseinov, Gadir"]
[Black "Nepomniachtchi, Ian"]
[Result "1/2-1/2"]
[WhiteTitle "GM"]
[BlackTitle "GM"]
[WhiteElo "2666"]
[BlackElo "2767"]
[WhiteFideId "13401378"]
[BlackFideId "4168119"]
[EventDate "2019.12.26"]

1. e4 e6 2. d4 d5 3. Nd2 c5 4. Ngf3 cxd4 5. exd5 Qxd5 6. Bc4 Qd8 7. O-O Nf6 8.
Nb3 Nc6 9. Nbxd4 Nxd4 10. Nxd4 Be7 11. c3 O-O 12. Qf3 Qc7 1/2-1/2